Universally bad service: providing infrastructure services to rural and poor urban consumers (Record no. 288322)

000 -LEADER
fixed length control field 00577cam a22001577a 4500
008 - FIXED-LENGTH DATA ELEMENTS--GENERAL INFORMATION
fixed length control field 180718b2002 xxu||||| |||| 00| 0 eng d
100 ## - MAIN ENTRY--PERSONAL NAME
Personal name Clarke, George R.G.
245 ## - TITLE STATEMENT
Title Universally bad service: providing infrastructure services to rural and poor urban consumers
Statement of responsibility, etc. by George R.G. Clarke and Scott J. Wallsten
260 ## - PUBLICATION, DISTRIBUTION, ETC.
Place of publication, distribution, etc. Washington, D.C.
Name of publisher, distributor, etc. World Bank
Date of publication, distribution, etc. 2002
300 ## - PHYSICAL DESCRIPTION
Extent 54p.
440 ## - SERIES STATEMENT/ADDED ENTRY--TITLE
Title Policy Research Working Paper, no. 2868
650 ## - SUBJECT ADDED ENTRY--TOPICAL TERM
Topical term or geographic name entry element Poor urban consumers
650 ## - SUBJECT ADDED ENTRY--TOPICAL TERM
Topical term or geographic name entry element Rural urban consumers
650 ## - SUBJECT ADDED ENTRY--TOPICAL TERM
Topical term or geographic name entry element Infrastructure services
700 ## - ADDED ENTRY--PERSONAL NAME
Personal name Wallsten, Scott J.
Holdings
Withdrawn status Lost status Damaged status Not for loan Permanent Location Current Location Date acquired Barcode Date last seen Price effective from Koha item type
        Indian Institute of Public Administration Indian Institute of Public Administration 2002-10-28 WB9371 2018-07-20 2018-07-20 WB

Powered by Koha